<?xml version="1.0" encoding="UTF-8"?>
<collection xmlns="http://www.loc.gov/MARC21/slim">
 <record>
  <leader>01085nam a22002057a 4500</leader>
  <controlfield tag="001">NCT_95696</controlfield>
  <controlfield tag="008">220114b        xxu||||| |||| 00| 0 vie d</controlfield>
  <datafield tag="999" ind1=" " ind2=" ">
   <subfield code="c">4754</subfield>
   <subfield code="d">4754</subfield>
  </datafield>
  <datafield tag="020" ind1=" " ind2=" ">
   <subfield code="a">9781108403696</subfield>
   <subfield code="c">749000</subfield>
  </datafield>
  <datafield tag="082" ind1="0" ind2="4">
   <subfield code="2">23rd ed.</subfield>
   <subfield code="a">421.55</subfield>
   <subfield code="b">H235</subfield>
  </datafield>
  <datafield tag="100" ind1="1" ind2=" ">
   <subfield code="a">Hancock, Mark</subfield>
  </datafield>
  <datafield tag="245" ind1="1" ind2="0">
   <subfield code="a">English pronunciation in use :</subfield>
   <subfield code="b">Intermediate (Self-study and classroom use)</subfield>
   <subfield code="c">Mark Hancock</subfield>
  </datafield>
  <datafield tag="250" ind1=" " ind2=" ">
   <subfield code="a">2nd ed. </subfield>
  </datafield>
  <datafield tag="260" ind1=" " ind2=" ">
   <subfield code="a">UK</subfield>
   <subfield code="b">Cambridge University Press</subfield>
   <subfield code="c">2012</subfield>
  </datafield>
  <datafield tag="300" ind1=" " ind2=" ">
   <subfield code="a">208 p.</subfield>
   <subfield code="b">ill.</subfield>
   <subfield code="c">27cm</subfield>
  </datafield>
  <datafield tag="520" ind1="3" ind2=" ">
   <subfield code="a">Fifty easy-to-use units cover all aspects of pronunciation, including individual sounds, word stress, connected speech and intonation. An additional reference section offers a glossary of specialized terms, help with the pronunciation of numbers and geographical names and fun exercises on phonemic symbols and minimal pairs.</subfield>
  </datafield>
  <datafield tag="653" ind1=" " ind2=" ">
   <subfield code="a">Ngôn ngữ Anh</subfield>
  </datafield>
  <datafield tag="942" ind1=" " ind2=" ">
   <subfield code="2">ddc</subfield>
   <subfield code="c">BK</subfield>
  </datafield>
  <datafield tag="952" ind1=" " ind2=" ">
   <subfield code="0">0</subfield>
   <subfield code="1">0</subfield>
   <subfield code="2">ddc</subfield>
   <subfield code="4">0</subfield>
   <subfield code="6">421_550000000000000_H235</subfield>
   <subfield code="7">0</subfield>
   <subfield code="9">22132</subfield>
   <subfield code="a">000001</subfield>
   <subfield code="b">000001</subfield>
   <subfield code="d">2022-01-14</subfield>
   <subfield code="o">421.55 H235</subfield>
   <subfield code="p">MD.19195</subfield>
   <subfield code="r">2022-01-14</subfield>
   <subfield code="v">749000.00</subfield>
   <subfield code="w">2022-01-14</subfield>
   <subfield code="y">BK</subfield>
  </datafield>
  <datafield tag="980" ind1=" " ind2=" ">
   <subfield code="a">Thư viện Trường Đại học Nam Cần Thơ</subfield>
  </datafield>
 </record>
</collection>
